1 image = 1 film (Horreur) - Statistiques

Statistiques générales
  • Ce quiz a été pris 1 477 fois
    1 443 depuis la dernière actualisation
  • Le résultat moyen est 9 sur 20
Statistiques - réponses
Par images Réponse % Correct
Conjuring
86%
Les dents de la mer
75%
Shining
75%
Scream
68%
Carrie au bal du diable
62%
Saw
61%
Le projet Blair Witch
59%
L'exorciste
59%
La nuit des masques
57%
Vendredi 13
57%
Alien
40%
Psychose
40%
Le silence des agneaux
37%
La Colline a des yeux
34%
Détour mortel
25%
The descent
23%
Don't Breathe
22%
Le Village
16%
Les Autres
10%
Simetierre
4%
Aucun quiz correspondant
Distribution des résultats
% des personnes avec chaque résultat
Percentile par nombre de réponses
Votre historique - résultats
Vous n’avez pas pris ce quiz depuis la dernière actualisation